Diccionario de comercio exterior (Registro nro. 13257)
[ vista simple ]
| 000 -Cabecera | |
|---|---|
| Campo de control de longitud fija | 00466nam a22002057a 4500 |
| 005 - Fecha y hora de la última transacción | |
| Campo de control | 20250207155217.0 |
| 008 - Elementos de longitud fija--Información general | |
| Campo de control de longitud fija | 220316b2000 xxu||||| |||| 00| 0 spa d |
| 020 ## - International Standard Book Number | |
| Número Internacional Estándar del Libro (ISBN) | 848055360X |
| 041 ## - Idioma | |
| Código de idioma | Español |
| -- | Inglés |
| 082 ## - Clasificación Decimal Dewey | |
| Número de clasificación | R 382.03 D545d |
| 245 ## - Título propiamente dicho | |
| Título | Diccionario de comercio exterior |
| 260 ## - Pie de imprenta | |
| Lugar de publicación, distribución, etc. | España |
| 260 ## - Pie de imprenta | |
| Nombre del editor, distribuidor, etc. | Cultural |
| 260 ## - Pie de imprenta | |
| Fecha de publicación, distribución, etc. | 2000 |
| 300 ## - Descripción física | |
| Extensión | 399 páginas |
| 650 ## - Materia general | |
| Temática (materia general) | DICCIONARIOS |
| 650 ## - Materia general | |
| Temática (materia general) | BOLSA |
| 650 ## - Materia general | |
| Temática (materia general) | BANCA |
| 942 ## - Punto de acceso adicional KOHA | |
| Tipo de ítem KOHA | Referencia |
| Fuente del sistema de clasificación o colocación | Dewey Decimal Classification |
| Signatura completa | Código de barras | Tipo de ítem |
|---|---|---|
| R 382.03 D545d | 9693 | Referencia |